| 000 -ლიდერი |
| ფიქსირებული სიგრძის საკონტროლო ველი |
01074nam a2200229Ia 4500 |
| 001 - საკონტროლო ნომერი |
| საკონტროლო ველი |
5795 |
| 003 - საკონტროლო ნომრის იდენტიფიკატორი |
| საკონტროლო ველი |
GE_BSU |
| 005 - ბოლო ოპერაციის თარიღი და დრო |
| საკონტროლო ველი |
20190517152538.0 |
| 008 - ფიქსირებული სიგრძის მონაცემთა ელემენტები - ზოგადი ინფორმაცია |
| ფიქსირებული სიგრძის საკონტროლო ველი |
181216s1982||||ge |||||||||||||| ||geo|| |
| 040 ## - კატალოგიზაციის წყარო |
| Transcribing agency |
GE_BSU |
| 041 ## - ენის კოდი |
| Language code of text/sound track or separate title |
geo |
| 080 ## - უნივერსალური ათობითი კლასიფიკაციის ინდექსი |
| Universal Decimal Classification number |
629.113.017(075.8) მ-62 |
| 100 ## - მთავარი ჩანაწერი - პიროვნების სახელი |
| Personal name |
მეძმარიაშვილი, გ. |
| 9 (RLIN) |
1079 |
| 245 ## - ცნობა სათაურის შესახებ |
| Title |
ავტომობილების ტექნიკური ექსპლუატაცია / |
| Statement of responsibility, etc |
გ. მეძმარიაშვილი ; რედ. ი.გოგუაძე |
| 250 ## - გამოცემის ცნობა |
| Edition statement |
მე-2 შევსებული და გადამუშავებული გამოცემა |
| 264 ## - წარმოების, გამოცემის, დისტრიბუციის და სხვა ცნობები |
| გამოცემის, წარმოების, დისტრიბუციის... ადგილი |
თბილისი : |
| გამოცემის, წარმოების, დისტრიბუციის... სახელწოდება |
განათლება, |
| გამოცემის, წარმოების, დისტრიბუციის... თარიღი |
1982. |
| 300 ## - ფიზიკური აღწერა |
| Extent |
397 გვ. : |
| Other physical details |
ილ. ; |
| Dimensions |
22 სმ. |
| 504 ## - BIBLIOGRAPHY, ETC. NOTE |
| Bibliography, etc |
ბიბლიოგრ. : გვ.396. |
| 653 ## - INDEX TERM--UNCONTROLLED |
| Uncontrolled term |
ავტომობილების ტექნიკური ექსპლუატაცია |
| 700 ## - ADDED ENTRY--PERSONAL NAME |
| Personal name |
გოგუაძე, ი. |
| Relator term |
რედაქტორი |
| 9 (RLIN) |
1305 |
| 942 ## - ADDED ENTRY ELEMENTS (KOHA) |
| Koha item type |
წიგნი |
| Source of classification or shelving scheme |
|